| 000 | 00840cab a2200265 4500 | ||
|---|---|---|---|
| 001 | ABS55401 | ||
| 008 | 090401t1996 xxu||||| |||| 00| 0 eng d | ||
| 035 | _a(Sirsi) u16186 | ||
| 041 | _aeng | ||
| 100 | _aEdwards, M. | ||
| 245 | _aUse of enforcement procedures | ||
| 260 | _c1996 | ||
| 350 | _a0 | ||
| 490 |
_aEstates Gazette _v(9624) 15 June 1996, 144-145(2) |
||
| 520 | _aDiscusses the three enforcement procedures proposed in the Carnwath Report and assesses the extent to which they are used by local planning authorities. | ||
| 650 | _aBREACH OF CONDITION NOTICES | ||
| 650 | _aCARNWATH REPORT | ||
| 650 | _aENFORCEMENT PROCEDURES | ||
| 650 | _aPLANNING AND COMPENSATION ACT 1991 | ||
| 650 | _aPLANNING CONTROL | ||
| 690 | _aPLANNING LAW AND PRACTICE | ||
| 700 | _aMartin, J. | ||
| 942 | _n0 | ||
| 948 | _c04/03/1997 | ||
| 999 |
_c10637 _d10637 |
||